000 00585nam a2200229 i 4500
001 C2-0042031
003 PPAK
005 20190630222054.0
008 970224s1982 enk |||| ||||| | eng d
020 _a0719538742
040 _aPPAK
_beng
_cPPAK
_erda
082 0 4 _a823.01089232
_223
090 0 0 _a823.01089232
_bFAN
_dG
245 0 0 _aFantasy
264 1 _aLondon :
_bJohn Murray ,
_c1982
300 _a119 pages ;
_c20 cm
336 _2rdacontent
_atext
337 _2rdamedia
_aunmediated
338 _2rdacarrier
_avolume
700 1 _aShipton, Alyn,
_ecompile
942 _ddc
_cB
999 _c6614
_d6614